Félúton. Dilemmáink
Elmentve itt :
| Szerző: | |
|---|---|
| Adatforrás: | Meister |
| Forrásdokumentuma: | A Hét. - 34 sz., 1997, 9 p. |
| Nyelv: | magyar |
| Kulcsszavak: | politikai publicisztika sajtó román sajtó PLESU Andrei Dilema |
| LEADER | 00444nab a2200181 i 4500 | ||
|---|---|---|---|
| 001 | bibPRO00007185 | ||
| 008 | 060524s1997 xx hun | ||
| 040 | |a Sz1 | ||
| 041 | |a hun | ||
| 100 | 1 | |a KÁNTOR Lajos | |
| 245 | 1 | 0 | |a Félúton. Dilemmáink |c KÁNTOR Lajos |
| 695 | |a politikai publicisztika | ||
| 695 | |a sajtó | ||
| 695 | |a román sajtó | ||
| 695 | |a sajtó | ||
| 695 | |a PLESU Andrei | ||
| 695 | |a Dilema | ||
| 773 | 0 | |t A Hét. - |g 34 sz., 1997, 9 p. | |